[Event "ECU Clasif1 U20"]
[Site "Chess.com INT"]
[Date "2020.12.17"]
[Round "2"]
[White "Huerta Chacon, Jonnathan Huerta"]
[Black "Reyes Zavaleta, Diego Alexander"]
[Result "1-0"]
[WhiteElo "1281"]
[BlackElo "1678"]
[PlyCount "137"]
[EventDate "2020.12.17"]
[EventType "swiss"]
[EventRounds "9"]
[EventCountry "ECU"]
[SourceTitle "EXT 2022"]
[Source "ChessBase"]
[SourceDate "2021.10.06"]
[SourceVersion "1"]
[SourceVersionDate "2021.10.06"]
[SourceQuality "1"]

1. e4 c5 2. Nf3 e6 3. d4 cxd4 4. Nxd4 Nc6 5. Nf3 Nf6 6. Bd3 d5 7. exd5 Nxd5 8. 0-0 Be7 9. c4 Nf6 10. Nc3 0-0 11. Qe2 a6 12. a3 Qc7 13. h3 Rd8 14. Be3 h6 15. Rac1 Ne5 16. Nxe5 Qxe5 17. b4 a5 18. Bb6 Qxe2 19. Bxe2 Rd6 20. c5 Rd2 21. Bxa5 Nd5 22. Nxd5 exd5 23. Bb5 Be6 24. Rfd1 Ra2 25. Ra1 Rc2 26. Ba4 Rb2 27. c6 bxc6 28. Bxc6 Rb8 29. Bxd5 Bxd5 30. Rxd5 Bh4 31. g3 Bf6 32. Rad1 Ra2 33. R5d3 Rb5 34. Bd8 Be5 35. Ba5 h5 36. Kg2 h4 37. g4 Bf4 38. Kf3 Bg5 39. Ke4 f6 40. f4 Bh6 41. R1d2 Ra1 42. Rd5 Rb7 43. Kf5 Kh7 44. g5 fxg5 45. fxg5 Rf7+ 46. Ke6 Rf3 47. gxh6 Kxh6 48. R2d3 Re1+ 49. Kd6 Rf8 50. Kc5 Rc8+ 51. Kb5 Ra1 52. Rd6+ g6 53. Rc6 Re8 54. Rdd6 Rg1 55. Bb6 Re2 56. a4 Rh2 57. Bxg1 Rxh3 58. Rxg6+ Kh5 59. Rgd6 Rb3 60. a5 h3 61. a6 Rb1 62. Rg6 Ra1 63. Kb6 Rb1 64. b5 Re1 65. a7 Ra1 66. Kb7 h2 67. Bxh2 Kh4 68. Rc8 Kh3 69. Rh8# 1-0

[Event "ECU Clasif1 U20"]
[Site "Chess.com INT"]
[Date "2020.12.17"]
[Round "9"]
[White "Reyes Zavaleta, Diego Alexander"]
[Black "Castillo Gonzalez, Thomas Davis"]
[Result "0-1"]
[WhiteElo "1678"]
[BlackElo "1816"]
[PlyCount "114"]
[EventDate "2020.12.17"]
[EventType "swiss"]
[EventRounds "9"]
[EventCountry "ECU"]
[SourceTitle "EXT 2022"]
[Source "ChessBase"]
[SourceDate "2021.10.06"]
[SourceVersion "1"]
[SourceVersionDate "2021.10.06"]
[SourceQuality "1"]

1. d4 Nf6 2. Nf3 e6 3. c4 Bb4+ 4. Bd2 Qe7 5. Nc3 0-0 6. g3 d6 7. Bg2 Nc6 8. 0-0 Bxc3 9. Bxc3 e5 10. d5 Nb8 11. Qc2 g6 12. Qd2 Ne4 13. Qe3 Nxc3 14. Qxc3 f5 15. c5 b6 16. cxd6 cxd6 17. Rac1 Na6 18. b4 Bd7 19. Qb3 Rac8 20. h4 h6 21. e4 f4 22. Qa3 Bb5 23. Rfe1 Qd7 24. Rxc8 Rxc8 25. Rc1 Rxc1+ 26. Qxc1 Nxb4 27. Qa3 a5 28. gxf4 exf4 29. Qb2 Kh7 30. Qf6 Nd3 31. h5 Qg7 32. Qxd6 gxh5 33. e5 h4 34. Kh2 Nxf2 35. Nxh4 Qg3+ 36. Kg1 Nh3+ 37. Kh1 Qxh4 38. Qc7+ Kg6 39. Qd6+ Kf5 40. Qd7+ Kxe5 41. Qxh3 Qxh3+ 42. Bxh3 Kxd5 43. Kg2 Ke4 44. Kf2 Bc4 45. Bg2+ Kd4 46. a3 b5 47. Kf3 Ke5 48. Kf2 b4 49. axb4 axb4 50. Bf3 Bd3 51. Bd1 Ke4 52. Bb3 h5 53. Ba4 h4 54. Bc6+ Kd4 55. Ba4 Bc4 56. Bc2 b3 57. Bb1 Bd3 0-1

[Event "ECU Clasif1 U20"]
[Site "Chess.com INT"]
[Date "2020.12.17"]
[Round "3"]
[White "Reyes Zavaleta, Diego Alexander"]
[Black "Mollo, Jhoan"]
[Result "1-0"]
[WhiteElo "1678"]
[BlackElo "2073"]
[PlyCount "127"]
[EventDate "2020.12.17"]
[EventType "swiss"]
[EventRounds "9"]
[EventCountry "ECU"]
[SourceTitle "EXT 2022"]
[Source "ChessBase"]
[SourceDate "2021.10.06"]
[SourceVersion "1"]
[SourceVersionDate "2021.10.06"]
[SourceQuality "1"]

1. d4 d5 2. c4 c6 3. cxd5 cxd5 4. Nc3 Nc6 5. Nf3 Nf6 6. Bf4 a6 7. Rc1 e6 8. a3 Bd6 9. Bxd6 Qxd6 10. e3 0-0 11. Bd3 e5 12. dxe5 Nxe5 13. Nxe5 Qxe5 14. 0-0 Rd8 15. Re1 Be6 16. Bb1 Rac8 17. h3 g6 18. Qf3 Nd7 19. Ba2 Nc5 20. Rcd1 Ne4 21. Na4 b5 22. Nc3 Nxc3 23. bxc3 Qxc3 24. Rf1 Qxa3 25. Bxd5 Bxd5 26. Rxd5 Rxd5 27. Qxd5 Qc5 28. Qd7 b4 29. Rb1 a5 30. Qb7 Qc2 31. Ra1 Qc5 32. Qa6 b3 33. Rxa5 b2 34. Rb5 Qxb5 35. Qxb5 Rc1+ 36. Kh2 b1Q 37. Qe8+ Kg7 38. Qe5+ Kf8 39. Qh8+ Ke7 40. Qe5+ Kd7 41. Qd5+ Kc7 42. Qxf7+ Kb6 43. Qe6+ Rc6 44. Qg8 Qf5 45. Qb3+ Kc7 46. Qg8 Qd7 47. Qa8 Rf6 48. Qa7+ Kd8 49. Qb8+ Ke7 50. Qe5+ Kf7 51. Qb2 Qd6+ 52. g3 Rf5 53. Qb7+ Qe7 54. Qb3+ Kg7 55. Qb2+ Qf6 56. Qb7+ Kh6 57. f4 Rc5 58. g4 Qh4 59. g5+ Rxg5 60. fxg5+ Kxg5 61. Qd5+ Kh6 62. Qf3 Qc4 63. Qf4+ Kg7 64. Qxc4 1-0